000 00250nam a2200121Ia 4500
005 20251222144758.0
008 251222s9999||||xx |||||||||||||| ||spa||
082 _a318.5/C76
245 0 _aPerĂº:
250 _a2a ed.
264 _bCNP
942 _cLIB
999 _c19615
_d19615